[Event "Shymkent"]
[Site "Shymkent"]
[Date "2024.11.01"]
[Round "9"]
[White "Iuldachev, Saidali"]
[Black "Abdyzhapar, Asylbek"]
[Result "1-0"]
[WhiteElo "2402"]
[BlackElo "2368"]
[PlyCount "83"]
[EventDate "2024.10.26"]
[EventType "tourn"]
[EventRounds "9"]
[EventCountry "KAZ"]
[EventCategory "6"]
[SourceTitle "CB45_2024"]
[Source "ChessBase"]
[SourceDate "2024.11.06"]
[SourceVersion "1"]
[SourceVersionDate "2024.11.06"]
[SourceQuality "1"]

1. e4 c6 2. d4 d5 3. exd5 cxd5 4. c4 Nf6 5. Nc3 Nc6 6. Nf3 Bg4 7. cxd5 Nxd5 8. Qb3 Bxf3 9. gxf3 e6 10. Qxb7 Nxd4 11. Bb5+ Nxb5 12. Qc6+ Ke7 13. Qxb5 Qd7 14. Nxd5+ Qxd5 15. Bg5+ f6 16. Qxd5 exd5 17. Be3 Ke6 18. 0-0-0 Bb4 19. a3 Rhc8+ 20. Kb1 Bc5 21. Rhe1 Bxe3 22. Rxe3+ Kd6 23. Rde1 Rc4 24. Re6+ Kc5 25. Ra6 Rf4 26. Re3 d4 27. Rb3 g5 28. a4 Rd8 29. Rxa7 Kc4 30. Rab7 g4 31. a5 Rxf3 32. Rxf3 gxf3 33. a6 Kd3 34. a7 Ra8 35. b4 Ke2 36. b5 Kxf2 37. b6 Ke2 38. Re7+ Kd2 39. Rf7 f2 40. Rxf6 Ke2 41. b7 Rxa7 42. b8Q 1-0

[Event "Shymkent"]
[Site "Shymkent"]
[Date "2024.10.29"]
[Round "5"]
[White "Kurmangaliyeva, Liya"]
[Black "Abdyzhapar, Asylbek"]
[Result "0-1"]
[WhiteElo "2324"]
[BlackElo "2368"]
[PlyCount "150"]
[EventDate "2024.10.26"]
[EventType "tourn"]
[EventRounds "9"]
[EventCountry "KAZ"]
[EventCategory "6"]
[SourceTitle "CB45_2024"]
[Source "ChessBase"]
[SourceDate "2024.11.06"]
[SourceVersion "1"]
[SourceVersionDate "2024.11.06"]
[SourceQuality "1"]

1. e4 e5 2. Nf3 Nc6 3. Bc4 Bc5 4. c3 Nf6 5. d3 0-0 6. 0-0 d5 7. exd5 Nxd5 8. Re1 Bg4 9. h3 Bh5 10. Nbd2 Nb6 11. Bb3 Qxd3 12. Nxe5 Qf5 13. Nef3 Rfe8 14. g4 Bxg4 15. hxg4 Qxg4+ 16. Kh1 Bxf2 17. Rf1 Qh3+ 18. Nh2 Bg3 19. Bxf7+ Kh8 20. Qh5 Qxh5 21. Bxh5 g6 22. Bf3 Ne5 23. Bxb7 Rab8 24. Ba6 Bxh2 25. Kxh2 Ng4+ 26. Kh1 Ne3 27. Rg1 Nbd5 28. Nb3 Rb6 29. Bxe3 Rxe3 30. Bf1 Nf4 31. Rd1 Re5 32. Rg4 g5 33. Rd8+ Kg7 34. Rd7+ Kg6 35. Bd3+ Kh5 36. Rg1 h6 37. Bc2 c5 38. Rd2 Kh4 39. Rh2+ Nh3 40. Nd2 g4 41. Nc4 Rbe6 42. Nxe5 Rxe5 43. Bd3 g3 44. Rxh3+ Kxh3 45. Bf1+ Kg4 46. Bb5 Rh5+ 47. Kg2 Rh2+ 48. Kf1 Rxb2 49. Bd7+ Kf4 50. Rg2 Rb1+ 51. Ke2 c4 52. Be6 h5 53. Bxc4 h4 54. Be6 Rh1 55. Bd5 Ra1 56. Be6 Ke5 57. Bg4 Ke4 58. Be6 a5 59. Bb3 a4 60. Be6 a3 61. Kd2 Kf3 62. Bd5+ Kf4 63. Be6 Rh1 64. c4 h3 65. Bxh3 Rxh3 66. Kc3 Kf3 67. Rg1 Kf2 68. Rc1 g2+ 69. Kb4 g1Q 70. Rxg1 Kxg1 71. c5 Kf2 72. c6 Ke3 73. Kxa3 Kd4+ 74. Kb4 Kd5 75. Kb5 Rc3 0-1

[Event "Shymkent"]
[Site "Shymkent"]
[Date "2024.10.27"]
[Round "2"]
[White "Abdyzhapar, Asylbek"]
[Black "Alekseev, Evgeny V"]
[Result "1/2-1/2"]
[WhiteElo "2368"]
[BlackElo "2537"]
[PlyCount "110"]
[EventDate "2024.10.26"]
[EventType "tourn"]
[EventRounds "9"]
[EventCountry "KAZ"]
[EventCategory "6"]
[SourceTitle "CB45_2024"]
[Source "ChessBase"]
[SourceDate "2024.11.06"]
[SourceVersion "1"]
[SourceVersionDate "2024.11.06"]
[SourceQuality "1"]

1. e4 c5 2. Nf3 Nc6 3. Bb5 g6 4. 0-0 Bg7 5. Re1 Nf6 6. e5 Nd5 7. Nc3 Nc7 8. Bxc6 dxc6 9. h3 0-0 10. d3 Ne6 11. Ne4 h6 12. Be3 b6 13. a4 a5 14. Ned2 Qc7 15. Nc4 Rd8 16. Qe2 b5 17. Ncd2 Bxe5 18. Nxe5 Qxe5 19. Nb3 Qxb2 20. Nxc5 b4 21. Nb3 h5 22. Rab1 Qf6 23. Bc1 Rd5 24. Bb2 Qg5 25. Qf3 Bd7 26. Re4 Rf5 27. Qg3 Qxg3 28. fxg3 c5 29. Ra1 Bc6 30. Re3 Bd5 31. Nd2 Ra7 32. c4 bxc3 33. Bxc3 Nd4 34. Rb1 f6 35. Rb8+ Kf7 36. Rc8 Nc2 37. Re2 Nb4 38. Rxc5 Nxd3 39. Rxa5 Rc7 40. Bd4 Be6 41. Rxf5 gxf5 42. Nf3 Bd5 43. a5 e5 44. Bb6 Rc1+ 45. Kh2 Ra1 46. Rd2 Be4 47. Rc2 Ke6 48. Rd2 Nb4 49. Nh4 Nd5 50. Rb2 Ra3 51. Bd8 Kd7 52. Bb6 Ke6 53. Bd8 Ra4 54. Nf3 Ra1 55. Nd2 Kd7 1/2-1/2

[Event "Olympiad-45"]
[Site "Budapest"]
[Date "2024.09.22"]
[Round "11.3"]
[White "Wafa, Hamed"]
[Black "Abdyzhapar, Asylbek"]
[Result "1-0"]
[WhiteElo "2368"]
[BlackElo "2357"]
[PlyCount "117"]
[EventDate "2024.09.11"]
[EventType "team-swiss"]
[EventRounds "11"]
[EventCountry "HUN"]
[SourceTitle "EXT 2025"]
[Source "ChessBase"]
[SourceDate "2024.10.14"]
[SourceVersion "1"]
[SourceVersionDate "2024.10.14"]
[SourceQuality "1"]
[WhiteTeam "Egypt"]
[BlackTeam "Kyrgyzstan"]
[WhiteTeamCountry "EGY"]
[BlackTeamCountry "KGZ"]

1. e4 c6 2. d4 d5 3. e5 Bf5 4. h4 h5 5. Bd3 Bxd3 6. Qxd3 Qa5+ 7. Nd2 e6 8. Ngf3 Nh6 9. 0-0 Nf5 10. Nb3 Qa6 11. Qc3 Nd7 12. Bg5 Rc8 13. Qd2 c5 14. c3 c4 15. Nc1 f6 16. Bf4 fxe5 17. Bxe5 Be7 18. g3 0-0 19. Ne2 Nd6 20. Nf4 Ne4 21. Qe2 Rf5 22. Rae1 Nxe5 23. Nxe5 Bxh4 24. Nxh5 Bf6 25. Ng6 Kf7 26. Ngf4 Qd6 27. Kg2 Rh8 28. Rh1 Rh6 29. Qg4 Rg5 30. Qf3 Rf5 31. Rxe4 dxe4 32. Qxe4 Rb5 33. Nxg7 Bxg7 34. Rxh6 Bxh6 35. Qg6+ Ke7 36. Qxh6 Rxb2 37. Qg7+ Kd8 38. Qf7 Rb6 39. g4 Qe7 40. Qg8+ Qe8 41. Qg5+ Kc8 42. Qe5 Qc6+ 43. Kg3 Rb5 44. Qf6 Qd6 45. f3 a6 46. Kh3 Qc6 47. Nxe6 Kb8 48. g5 Ka7 49. Nc5 Qc8+ 50. Kg3 Qe8 51. Ne4 Rb6 52. Qe5 Qa4 53. Qc5 Qd1 54. a4 Qxa4 55. Nd6 Qd1 56. Nc8+ Kb8 57. Nxb6 Qe1+ 58. Kg4 Qxc3 59. Nd7+ 1-0

[Event "Olympiad-45"]
[Site "Budapest"]
[Date "2024.09.20"]
[Round "9.3"]
[White "Maerevoet, Sim"]
[Black "Abdyzhapar, Asylbek"]
[Result "0-1"]
[WhiteElo "2432"]
[BlackElo "2357"]
[PlyCount "90"]
[EventDate "2024.09.11"]
[EventType "team-swiss"]
[EventRounds "11"]
[EventCountry "HUN"]
[SourceTitle "EXT 2025"]
[Source "ChessBase"]
[SourceDate "2024.10.14"]
[SourceVersion "1"]
[SourceVersionDate "2024.10.14"]
[SourceQuality "1"]
[WhiteTeam "Belgium"]
[BlackTeam "Kyrgyzstan"]
[WhiteTeamCountry "BEL"]
[BlackTeamCountry "KGZ"]

1. Nf3 Nf6 2. g3 d5 3. Bg2 e6 4. 0-0 Be7 5. d3 0-0 6. c4 c5 7. Ne5 Bd6 8. f4 Nbd7 9. Nxd7 Qxd7 10. e4 dxe4 11. dxe4 e5 12. Nc3 b6 13. f5 Be7 14. Qe2 Bb7 15. Be3 Rad8 16. Rad1 Qc7 17. g4 h6 18. h4 Rxd1 19. Rxd1 Nh7 20. Bf2 Rd8 21. Nd5 Bxd5 22. exd5 Bf6 23. Be4 Rd6 24. Kg2 Qd8 25. Rh1 Rd7 26. Qe3 Be7 27. Bc2 Bd6 28. g5 hxg5 29. f6 g4 30. Bxh7+ Kxh7 31. Qe4+ Kg8 32. Qxg4 Bf8 33. Bg3 Rd6 34. Bxe5 Rxd5 35. cxd5 Qxd5+ 36. Kh3 Qxh1+ 37. Kg3 Qg1+ 38. Kf4 Qxg4+ 39. Kxg4 gxf6 40. Bf4 c4 41. a4 f5+ 42. Kxf5 Bg7 43. Bc1 Kh7 44. a5 bxa5 45. Ke4 Bh6 0-1

[Event "Titled Tuesday intern op 02nd Jul Late"]
[Site "Chess.com INT"]
[Date "2024.07.02"]
[Round "2"]
[White "Abdyzhapar, Asylbek"]
[Black "Shubin, Daniel"]
[Result "1-0"]
[WhiteElo "2357"]
[BlackElo "2187"]
[PlyCount "67"]
[EventDate "2024.07.02"]
[EventType "swiss (blitz)"]
[EventRounds "11"]
[EventCountry "USA"]
[SourceTitle "EXT 2025"]
[Source "ChessBase"]
[SourceDate "2024.10.14"]
[SourceVersion "1"]
[SourceVersionDate "2024.10.14"]
[SourceQuality "1"]

1. d4 d5 2. c4 e6 3. Nc3 Nf6 4. Nf3 Nbd7 5. Bg5 c6 6. e3 Qa5 7. Nd2 Bb4 8. Qb3 Ne4 9. Ndxe4 dxe4 10. Bh4 e5 11. Be2 exd4 12. exd4 c5 13. d5 Bxc3+ 14. bxc3 0-0 15. 0-0 f5 16. Be7 Rf7 17. d6 b6 18. f3 Bb7 19. fxe4 Bxe4 20. Bf3 Bxf3 21. Rxf3 Ne5 22. Re3 Nc6 23. Rae1 Nxe7 24. Rxe7 Rd8 25. Re8+ Rf8 26. Rxf8+ Kxf8 27. Qc2 g6 28. Qe2 b5 29. Qe7+ Kg8 30. cxb5 Qb6 31. d7 c4+ 32. Kh1 Qc7 33. Qxd8+ Qxd8 34. Re8+ 1-0

[Event "Titled Tuesday intern op 02nd Jul Late"]
[Site "Chess.com INT"]
[Date "2024.07.02"]
[Round "6"]
[White "Adan Bermudez, Sergio"]
[Black "Abdyzhapar, Asylbek"]
[Result "1-0"]
[WhiteElo "2304"]
[BlackElo "2357"]
[PlyCount "103"]
[EventDate "2024.07.02"]
[EventType "swiss (blitz)"]
[EventRounds "11"]
[EventCountry "USA"]
[SourceTitle "EXT 2025"]
[Source "ChessBase"]
[SourceDate "2024.10.14"]
[SourceVersion "1"]
[SourceVersionDate "2024.10.14"]
[SourceQuality "1"]

1. Nf3 Nf6 2. d3 c5 3. g3 g6 4. Bg2 Bg7 5. 0-0 0-0 6. e4 Nc6 7. Re1 d6 8. Nc3 Bg4 9. h3 Bxf3 10. Qxf3 Nd4 11. Qd1 Nd7 12. Nd5 e6 13. Ne3 Rc8 14. c3 Nc6 15. a4 Qc7 16. Nc4 Nde5 17. Ne3 Rfd8 18. f4 Nd7 19. h4 Nf6 20. g4 h5 21. g5 Nh7 22. Qf3 Nf8 23. Bd2 a6 24. Rf1 b5 25. axb5 axb5 26. Rae1 Qb6 27. Qh3 b4 28. f5 bxc3 29. bxc3 Qb2 30. Nc4 Qc2 31. f6 Bh8 32. Rc1 Qa2 33. Ra1 Qc2 34. Rfc1 Qb3 35. Rcb1 Qc2 36. Rb2 Qxb2 37. Nxb2 Ne5 38. Nc4 Ng4 39. Bf3 d5 40. exd5 exd5 41. Nb6 Rb8 42. Nxd5 Ne5 43. Bg2 Ne6 44. Re1 Ng4 45. Bf3 Rb2 46. Ne7+ Kh7 47. Bxg4 hxg4 48. Qxg4 Rxd2 49. Rxe6 fxe6 50. Qe4 Rd1+ 51. Kf2 Rd2+ 52. Ke1 1-0

[Event "Titled Tuesday intern op 02nd Jul Late"]
[Site "Chess.com INT"]
[Date "2024.07.02"]
[Round "4"]
[White "Anton Guijarro, David"]
[Black "Abdyzhapar, Asylbek"]
[Result "1-0"]
[WhiteElo "2669"]
[BlackElo "2357"]
[PlyCount "133"]
[EventDate "2024.07.02"]
[EventType "swiss (blitz)"]
[EventRounds "11"]
[EventCountry "USA"]
[SourceTitle "EXT 2025"]
[Source "ChessBase"]
[SourceDate "2024.10.14"]
[SourceVersion "1"]
[SourceVersionDate "2024.10.14"]
[SourceQuality "1"]

1. d4 d5 2. Nf3 Nf6 3. e3 c6 4. c4 Bf5 5. Nc3 e6 6. Nh4 Bg4 7. f3 Bh5 8. g3 Be7 9. Be2 dxc4 10. Bxc4 c5 11. dxc5 Qxd1+ 12. Nxd1 Nfd7 13. 0-0 Nxc5 14. Ng2 g5 15. b4 Bf6 16. Rb1 Ncd7 17. Bb2 Bxb2 18. Nxb2 Nc6 19. a3 Ke7 20. Rbc1 Rac8 21. f4 h6 22. Bb5 Ncb8 23. e4 Rxc1 24. Rxc1 a6 25. Bd3 Nc6 26. Bxa6 Nxb4 27. Bxb7 Rb8 28. axb4 Rxb7 29. Nd3 Bf3 30. e5 Be4 31. Nge1 g4 32. Kf2 h5 33. Rb1 Nb6 34. Rb2 Na4 35. Ra2 Nc3 36. Ra3 Nb5 37. Ra5 Nc3 38. Ke3 Bf5 39. Kd4 Ne2+ 40. Kc4 h4 41. gxh4 Rd7 42. Ra3 Rd4+ 43. Kc5 Rd5+ 44. Kb6 Nd4 45. Nc5 Ne2 46. Ra7+ Kf8 47. Nd7+ Kg7 48. Nf6 Rd4 49. b5 Nxf4 50. Ne8+ Kg6 51. Nd6 Nd5+ 52. Kc6 Rd1 53. Ng2 Bd3 54. Rxf7 Rc1+ 55. Kd7 Bxb5+ 56. Kxe6 Bc4 57. Nxc4 Rxc4 58. Kxd5 Rc2 59. e6 Rxg2 60. h5+ Kxh5 61. e7 Re2 62. Kd6 Kg6 63. Rf8 Rd2+ 64. Kc5 Rc2+ 65. Kd4 Rd2+ 66. Ke3 Rxh2 67. e8Q+ 1-0

[Event "Korumdu Issykkul op-A"]
[Site "Korumdu"]
[Date "2024.06.22"]
[Round "2"]
[White "Abdyzhapar, Asylbek"]
[Black "Amin Erdene, Bayanmunkh"]
[Result "1-0"]
[WhiteElo "2358"]
[BlackElo "1964"]
[PlyCount "111"]
[EventDate "2024.06.22"]
[EventType "swiss"]
[EventRounds "10"]
[EventCountry "KGZ"]
[SourceTitle "CBM 220 Extra"]
[Source "ChessBase"]
[SourceDate "2024.07.31"]
[SourceVersion "1"]
[SourceVersionDate "2024.07.31"]
[SourceQuality "1"]

1. e4 e6 2. d4 d5 3. Nc3 Nf6 4. Bg5 dxe4 5. Nxe4 Be7 6. Bxf6 Bxf6 7. Nf3 0-0 8. Qd2 b6 9. 0-0-0 Bb7 10. Qf4 Nd7 11. h4 Rc8 12. Bd3 c5 13. dxc5 bxc5 14. c3 Bd5 15. h5 Qc7 16. Qe3 Be7 17. Bc2 f5 18. Neg5 Bxg5 19. Nxg5 Ne5 20. Nxe6 Bxe6 21. Rhe1 Bxa2 22. Qxe5 Qf7 23. f4 Qxh5 24. Rd7 Rf7 25. g4 Qh4 26. Bxf5 Rxd7 27. Bxd7 Rf8 28. Bf5 Bf7 29. Rd1 Qf2 30. Qe4 g6 31. Be6 Re8 32. Bxf7+ Kxf7 33. Qd5+ Kf8 34. Qd6+ Kf7 35. Kb1 Qe3 36. Ka1 Qe4 37. Qd5+ Kg7 38. g5 Qxd5 39. Rxd5 Re4 40. Rxc5 Rxf4 41. Rc7+ Kg8 42. Rxa7 Rf5 43. b4 Rxg5 44. c4 h5 45. b5 Rc5 46. b6 Rxc4 47. b7 Rb4 48. Ra8+ Kg7 49. b8Q Rxb8 50. Rxb8 h4 51. Kb2 g5 52. Kc2 h3 53. Kd2 g4 54. Ke2 g3 55. Kf3 g2 56. Rb1 1-0

[Event "Korumdu Issykkul op-A"]
[Site "Korumdu"]
[Date "2024.06.22"]
[Round "1"]
[White "Azizov, Sadullo"]
[Black "Abdyzhapar, Asylbek"]
[Result "0-1"]
[WhiteElo "1994"]
[BlackElo "2358"]
[PlyCount "103"]
[EventDate "2024.06.22"]
[EventType "swiss"]
[EventRounds "10"]
[EventCountry "KGZ"]
[SourceTitle "CBM 220 Extra"]
[Source "ChessBase"]
[SourceDate "2024.07.31"]
[SourceVersion "1"]
[SourceVersionDate "2024.07.31"]
[SourceQuality "1"]

1. d4 Nf6 2. Nf3 g6 3. Bf4 Bg7 4. e3 0-0 5. c4 c5 6. Nc3 cxd4 7. exd4 d5 8. c5 b6 9. b4 bxc5 10. bxc5 Ne4 11. Nxe4 dxe4 12. Ne5 Be6 13. Qa4 Bd5 14. Bc4 Bxe5 15. dxe5 Bxc4 16. Qxc4 Nc6 17. Qxe4 Qa5+ 18. Bd2 Qb5 19. a4 Qa6 20. Bc3 Rfd8 21. h4 Rd3 22. Rc1 Rad8 23. 0-0 Qc8 24. f4 e6 25. Rf3 Rxf3 26. Qxf3 Rd5 27. h5 Rxc5 28. Rd1 Rc4 29. Rd6 Ne7 30. Ba5 Qc5+ 31. Kh2 Qxa5 32. h6 Rc8 33. Qb7 Kf8 34. Rd7 Qxa4 35. Kg3 Re8 36. Qc7 Nf5+ 37. Kg4 Nxh6+ 38. Kg5 Kg7 39. g4 Qe4 40. Qc1 Qf3 41. Qg1 Ng8 42. Qh2 h6+ 43. Kh4 Rc8 44. Rd2 Rc4 45. Rf2 Qe3 46. Rf1 a5 47. Rf2 a4 48. Rf1 a3 49. Rf2 Rxf4 50. Rxf4 Qxf4 51. Qa2 h5 52. Qxa3 0-1

[Event "Titled Tuesday intern op 28th May Late"]
[Site "Chess.com INT"]
[Date "2024.05.28"]
[Round "7"]
[White "Miszler, Levente"]
[Black "Abdyzhapar, Asylbek"]
[Result "0-1"]
[WhiteElo "2292"]
[BlackElo "2353"]
[PlyCount "74"]
[EventDate "2024.05.28"]
[EventType "swiss (blitz)"]
[EventRounds "11"]
[EventCountry "USA"]
[SourceTitle "EXT 2025"]
[Source "ChessBase"]
[SourceDate "2024.10.14"]
[SourceVersion "1"]
[SourceVersionDate "2024.10.14"]
[SourceQuality "1"]

1. f4 c5 2. Nf3 Nc6 3. b4 cxb4 4. Bb2 d5 5. e3 Bg4 6. a3 bxa3 7. Nxa3 Nf6 8. Be2 e6 9. 0-0 Be7 10. h3 Bh5 11. g4 Bg6 12. d3 0-0 13. Ne5 Qb6 14. Nxc6 Qxe3+ 15. Kg2 bxc6 16. Bc1 Qb6 17. f5 exf5 18. gxf5 Qd4 19. Rb1 Bd6 20. fxg6 fxg6 21. c4 Rae8 22. Nc2 Qe5 23. Bf4 Qxe2+ 24. Rf2 Qe6 25. Nd4 Qd7 26. Bxd6 Qxd6 27. Rb7 Nh5 28. Rxf8+ Rxf8 29. Qg4 Nf4+ 30. Kh1 dxc4 31. Rd7 Qe5 32. Nxc6 Qe1+ 33. Kh2 Qf2+ 34. Kh1 Ne2 35. Ne7+ Kh8 36. Nxg6+ hxg6 37. Qh4+ Qxh4 0-1

[Event "Aktobe Dvorkovich op"]
[Site "Aktobe"]
[Date "2024.05.25"]
[Round "1"]
[White "Abdyzhapar, Asylbek"]
[Black "Paravyan, David"]
[Result "0-1"]
[WhiteElo "2353"]
[BlackElo "2606"]
[PlyCount "76"]
[EventDate "2024.05.25"]
[EventType "swiss"]
[EventRounds "9"]
[EventCountry "KAZ"]
[SourceTitle "CBM 220 Extra"]
[Source "ChessBase"]
[SourceDate "2024.07.31"]
[SourceVersion "1"]
[SourceVersionDate "2024.07.31"]
[SourceQuality "1"]

1. e4 e5 2. Nf3 Nc6 3. Bc4 Nf6 4. d3 Bc5 5. 0-0 d6 6. Nbd2 0-0 7. a4 a5 8. c3 h6 9. Re1 Be6 10. Qb3 Qd7 11. Nf1 Bg4 12. N3d2 Ne7 13. Ne3 c6 14. h3 Be6 15. Bxe6 fxe6 16. Nf3 Ng6 17. Nc4 b5 18. axb5 a4 19. Qd1 cxb5 20. Ne3 Nf4 21. Nc2 Ng6 22. d4 exd4 23. cxd4 Bb6 24. Qd3 Nh5 25. g3 Qf7 26. Ra3 Ba5 27. Rd1 b4 28. Rxa4 Qxf3 29. Qxf3 Rxf3 30. Be3 Raf8 31. Rxa5 Nxg3 32. Nxb4 Ne2+ 33. Kh2 Rxe3 34. fxe3 Rf2+ 35. Kh1 Nh4 36. Rg1 Nf3 37. Ra8+ Kh7 38. Rg2 Ng3+ 0-1

[Event "KGZ-ch"]
[Site "Bishkek"]
[Date "2024.05.07"]
[Round "7"]
[White "Khoroshev, Nikita"]
[Black "Abdyzhapar, Asylbek"]
[Result "1-0"]
[WhiteElo "2354"]
[BlackElo "2359"]
[PlyCount "167"]
[EventDate "2024.05.01"]
[EventType "tourn"]
[EventRounds "11"]
[EventCountry "KGZ"]
[SourceTitle "EXT 2025"]
[Source "ChessBase"]
[SourceDate "2024.10.14"]
[SourceVersion "1"]
[SourceVersionDate "2024.10.14"]
[SourceQuality "1"]

1. e4 c6 2. d4 d5 3. f3 dxe4 4. fxe4 e5 5. Nf3 Bg4 6. Bc4 Nd7 7. c3 Bd6 8. Qb3 Qe7 9. 0-0 Ngf6 10. Bg5 0-0-0 11. Nbd2 h6 12. Bxf6 Nxf6 13. Bxf7 Rhf8 14. Bg6 Nd7 15. Rae1 Bc7 16. Qc2 Qe6 17. Bf5 Bxf5 18. exf5 Rxf5 19. c4 Rdf8 20. d5 cxd5 21. cxd5 Qxd5 22. Rc1 Qd6 23. Nc4 Qc6 24. Ne3 Rf4 25. Nd5 Bb6+ 26. Kh1 Qxc2 27. Rxc2+ Kb8 28. Nxf4 exf4 29. g3 g5 30. gxf4 Rxf4 31. Nd2 Rh4 32. Rc4 Rh3 33. Rf3 Rxf3 34. Nxf3 Nf6 35. Ne5 h5 36. Nf7 Be3 37. Nd6 a5 38. Rc8+ Ka7 39. Rf8 Ng4 40. Rf5 Bf4 41. Rxa5+ Kb6 42. Nc4+ Kc6 43. h3 Nf2+ 44. Kg2 Nd3 45. Rf5 g4 46. Rxh5 b5 47. Na5+ Kb6 48. Nb3 gxh3+ 49. Kxh3 Be5 50. Rh6+ Kc7 51. Kg4 Bxb2 52. Kf5 Nb4 53. Rh2 Ba3 54. Ke4 Kb6 55. Rg2 Nc6 56. Rg6 Kb7 57. Rg3 Kb6 58. Rf3 Bb2 59. Rh3 Ba3 60. Rh6 Kb7 61. Rh2 Kb6 62. Kd5 Nb4+ 63. Ke6 Nc6 64. Kd7 Ne5+ 65. Kc8 Kc6 66. Rh6+ Kd5 67. Kb7 Kc4 68. Ka6 b4 69. Rh2 Kc3 70. Nc5 Nc6 71. Ne6 Kd3 72. Kb6 Ne5 73. Kb5 Kc3 74. Nc5 Kd4 75. Rc2 Ke3 76. Rg2 Kd4 77. Rg3 Nf7 78. Rd3+ Ke5 79. Kc6 Ng5 80. Rd5+ Kf6 81. Kb5 Nf3 82. Na6 Ke6 83. Rd1 Ne5 84. Nxb4 1-0

[Event "KGZ-ch"]
[Site "Bishkek"]
[Date "2024.05.02"]
[Round "2"]
[White "Zhakshylykov, Erzhan"]
[Black "Abdyzhapar, Asylbek"]
[Result "0-1"]
[WhiteElo "2257"]
[BlackElo "2359"]
[PlyCount "136"]
[EventDate "2024.05.01"]
[EventType "tourn"]
[EventRounds "11"]
[EventCountry "KGZ"]
[SourceTitle "EXT 2025"]
[Source "ChessBase"]
[SourceDate "2024.10.14"]
[SourceVersion "1"]
[SourceVersionDate "2024.10.14"]
[SourceQuality "1"]

1. d4 Nf6 2. c4 e6 3. Nc3 Bb4 4. Nf3 0-0 5. e3 b6 6. Bd3 Bb7 7. 0-0 c5 8. Na4 cxd4 9. exd4 d5 10. c5 bxc5 11. a3 c4 12. Bxh7+ Nxh7 13. axb4 Bc6 14. Ne5 Bxa4 15. Rxa4 Qe8 16. Qc2 Nc6 17. Nxc6 Qxc6 18. Bf4 Qb6 19. Qd2 Nf6 20. f3 Nd7 21. Ra5 a6 22. Rfa1 Ra7 23. h4 Rfa8 24. h5 Rb7 25. R5a4 Nb8 26. h6 Nc6 27. hxg7 Qxd4+ 28. Qxd4 Nxd4 29. Be5 Nc6 30. Bf6 Nxb4 31. Kf2 Kh7 32. g4 Kg6 33. g5 Kf5 34. Rh1 Rg8 35. Rh8 Nd3+ 36. Ke3 Rbb8 37. Rxa6 e5 38. Rxg8 d4+ 39. Ke2 Rxg8 40. Rd6 Nf4+ 41. Kd1 Nh5 42. Rd5 Nxf6 43. gxf6 Ke6 44. Rc5 Kxf6 45. f4 e4 46. Re5 e3 47. Re4 d3 48. Rxe3 Rxg7 49. Re4 Rg1+ 50. Kd2 Rg2+ 51. Kd1 Rc2 52. Rd4 Kf5 53. b3 cxb3 54. Rxd3 Rb2 55. Kc1 Re2 56. Rxb3 Kxf4 57. Kd1 Re5 58. Rb7 f5 59. Rd7 Kg3 60. Kd2 f4 61. Rd6 f3 62. Rg6+ Kf2 63. Rd6 Kg2 64. Rg6+ Kf1 65. Rf6 f2 66. Rf8 Re6 67. Rf7 Rd6+ 68. Ke3 Ke1 0-1

[Event "Madurai Athens of the East op 3rd"]
[Site "Madurai"]
[Date "2023.12.27"]
[Round "6"]
[White "Abdyzhapar, Asylbek"]
[Black "Deepan Chakkravarthy, J."]
[Result "1/2-1/2"]
[WhiteElo "2340"]
[BlackElo "2422"]
[PlyCount "149"]
[EventDate "2023.12.23"]
[EventType "swiss"]
[EventRounds "10"]
[EventCountry "IND"]
[SourceTitle "CBM 218 Extra"]
[Source "ChessBase"]
[SourceDate "2024.03.31"]
[SourceVersion "1"]
[SourceVersionDate "2024.03.31"]
[SourceQuality "1"]

1. d4 Nf6 2. c4 g6 3. Nc3 Bg7 4. e4 d6 5. Nf3 0-0 6. Be2 e5 7. Be3 Nc6 8. d5 Ne7 9. Nd2 c6 10. 0-0 c5 11. a3 Ne8 12. b4 b6 13. bxc5 bxc5 14. Rb1 f5 15. f3 f4 16. Bf2 g5 17. Nb3 h5 18. Nb5 Rf7 19. Be1 Bf8 20. a4 Rg7 21. Na5 g4 22. fxg4 hxg4 23. Nc6 Nxc6 24. dxc6 Be6 25. Nc3 Rc8 26. Rb7 Qg5 27. Nd5 Rxc6 28. Rxg7+ Qxg7 29. Bc3 Qg5 30. Qd2 Qg6 31. Rb1 Nf6 32. Bd3 Rc8 33. Rb7 Bxd5 34. exd5 e4 35. Bb1 Bh6 36. Qb2 Rf8 37. Rb8 Nd7 38. Rxf8+ Kxf8 39. Qe2 Bg7 40. Bxe4 Qg5 41. Bd2 Bd4+ 42. Kh1 Be3 43. Bc3 Bd4 44. Bd2 Nf6 45. Bd3 Nh5 46. g3 Be3 47. Bxe3 fxe3 48. Qb2 Nf6 49. Kg2 Ke7 50. a5 Nd7 51. Qh8 Qf6 52. Qh7+ Kd8 53. Qg8+ Kc7 54. Qxg4 Ne5 55. Qf5 Qxf5 56. Bxf5 Nxc4 57. h4 Kd8 58. Kf3 Nxa5 59. Kxe3 Nc4+ 60. Kd3 Ne5+ 61. Kc3 Ke7 62. Kb3 Kf6 63. Be4 Nd7 64. g4 Ke5 65. Bc2 Kxd5 66. h5 Ne5 67. h6 Nf7 68. h7 Ke6 69. g5 Nh8 70. Kc4 Kf7 71. Kd5 Kg7 72. g6 a5 73. Kxd6 a4 74. Bxa4 Nxg6 75. Kxc5 1/2-1/2

[Event "Madurai Athens of the East op 3rd"]
[Site "Madurai"]
[Date "2023.12.25"]
[Round "4"]
[White "Abdyzhapar, Asylbek"]
[Black "Aronyak, Ghosh"]
[Result "1/2-1/2"]
[WhiteElo "2340"]
[BlackElo "2545"]
[PlyCount "60"]
[EventDate "2023.12.23"]
[EventType "swiss"]
[EventRounds "10"]
[EventCountry "IND"]
[SourceTitle "CBM 218 Extra"]
[Source "ChessBase"]
[SourceDate "2024.03.31"]
[SourceVersion "1"]
[SourceVersionDate "2024.03.31"]
[SourceQuality "1"]

1. d4 Nf6 2. Nc3 d5 3. Bf4 c5 4. e4 Nxe4 5. Nxe4 dxe4 6. dxc5 Qa5+ 7. c3 Qxc5 8. Qa4+ Nd7 9. 0-0-0 a6 10. Qxe4 Nf6 11. Qe5 Qxe5 12. Bxe5 e6 13. Be2 Bc5 14. f4 b5 15. Bf3 Ra7 16. Ne2 Bb7 17. Nd4 0-0 18. Nc6 Bxc6 19. Bxc6 Rc8 20. Bf3 Nd7 21. Bd4 Kf8 22. Kb1 Nb6 23. Rhe1 Bxd4 24. Rxd4 Rc5 25. Red1 Ke7 26. Rd8 Rc8 27. R8d4 Rc5 28. Rd8 Rc8 29. R8d4 Rc5 30. Rd8 Rc8 1/2-1/2

[Event "Tamil Nadu IM 10th"]
[Site "Chennai"]
[Date "2023.12.21"]
[Round "7"]
[White "Rohit, S3."]
[Black "Abdyzhapar, Asylbek"]
[Result "0-1"]
[WhiteElo "2212"]
[BlackElo "2340"]
[PlyCount "104"]
[EventDate "2023.12.17"]
[EventType "tourn"]
[EventRounds "9"]
[EventCountry "IND"]
[EventCategory "1"]
[SourceTitle "CBM 217 Extra"]
[Source "ChessBase"]
[SourceDate "2024.01.31"]
[SourceVersion "1"]
[SourceVersionDate "2024.01.31"]
[SourceQuality "1"]

1. e4 c6 2. Nc3 d5 3. Nf3 Bg4 4. h3 Bxf3 5. Qxf3 e6 6. Be2 Bc5 7. 0-0 Nd7 8. Qg3 Bd4 9. exd5 exd5 10. Bg4 Ne7 11. Ne2 Bb6 12. d4 Nf6 13. Bf4 0-0 14. Be5 Ne4 15. Qd3 Ng6 16. Bh2 f5 17. Bf3 Qg5 18. Rad1 Rae8 19. b3 f4 20. c4 Nh4 21. Rfe1 Nxf2 22. Kxf2 Re3 23. Bxf4 Rxf4 24. Nxf4 Rxd3 25. Re8+ Kf7 26. Rf8+ Kxf8 27. Ne6+ Ke7 28. Nxg5 Nxf3 29. Rxd3 Nxg5 30. c5 Bd8 31. b4 Kd7 32. a4 a6 33. g4 Ne6 34. Kg3 Bf6 35. h4 h6 36. Rd1 Bxd4 37. g5 hxg5 38. hxg5 g6 39. Rh1 Nxg5 40. Kg4 Be3 41. Rh6 Nf7 42. Rh7 Ke7 43. Rg7 Bd2 44. b5 axb5 45. axb5 cxb5 46. Kf3 Bb4 47. Kf4 Bxc5 48. Rxg6 b4 49. Rg2 Kf6 50. Rd2 Ke6 51. Re2+ Kd6 52. Kf5 Kc6 0-1